The international politics of surplus capacity

Sparad:
Bibliografiska uppgifter
Huvudupphovsman: Strange, Susan
Materialtyp: Bok
Språk:Undetermined
Publicerad: London George Allen & Unwin 1981
Ämnen:
Taggar: Lägg till en tagg
Inga taggar, Lägg till första taggen!
Thư viện lưu trữ: Trung tâm Học liệu Trường Đại học Cần Thơ
LEADER 00496nam a2200181Ia 4500
001 CTU_81400
008 210402s9999 xx 000 0 und d
082 |a 338 
082 |b S897 
100 |a Strange, Susan 
245 4 |a The international politics of surplus capacity 
245 0 |c Susan Strange 
260 |a London 
260 |b George Allen & Unwin 
260 |c 1981 
650 |a Surplus commodities 
904 |i Trọng Hải 
980 |a Trung tâm Học liệu Trường Đại học Cần Thơ